The art of healing Pranayama the breath of life / (Record no. 43069)

MARC details
000 -LEADER
fixed length control field 00774nam a22002057a 4500
005 - DATE AND TIME OF LATEST TRANSACTION
control field 20100825141817.0
010 ## - LCCN (DPL NO)
LC control number ENG-101368
020 ## - INTERNATIONAL STANDARD BOOK NUMBER
International Standard Book Number 9788172238087
Terms of availability 250.00
035 ## - SYSTEM CONTROL NUMBER
System control number EN-84901
037 ## - SOURCE OF ACQUISITION
Source of stock number/acquisition DBAD/PUB
082 ## - DEWEY DECIMAL CLASSIFICATION NUMBER
Classification number 615.85156
100 ## - MAIN ENTRY--PERSONAL NAME
Personal name Gautier,Namrita
245 ## - TITLE STATEMENT
Title The art of healing Pranayama the breath of life /
Statement of responsibility, etc by Namrita Gautier [and] Francois Gautier
260 ## - PUBLICATION, DISTRIBUTION, ETC. (IMPRINT)
Place of publication, distribution, etc New Delhi
Name of publisher, distributor, etc Harper collins Publishers
Date of publication, distribution, etc 2010
270 ## - ADDRESS
Address A-53 Sector 57 Noida
City Noida
Postal code 201301
300 ## - PHYSICAL DESCRIPTION
Extent x,220p
Dimensions 21cm(pbk)
700 ## - ADDED ENTRY--PERSONAL NAME
Personal name Gautier, Francois
9 (RLIN) 16571
942 ## - ADDED ENTRY ELEMENTS (KOHA)
Source of classification or shelving scheme Dewey Decimal Classification
Item type English Books
Classification part 615.85156
Call number suffix ART
Holdings
Withdrawn status Lost status Not for loan Collection code Home library Current library Date acquired Source of acquisition Cost, normal purchase price Full call number Barcode Copy number Cost, replacement price Koha item type
    Not For Loan Non-fiction D.B.Act.Division D.B.Act.Division 25/08/2010 DBAD/PUB 250.00 615.85156 ART EN-84901 1 250.00 English Books

© Delhi Public Library
Hit Counter
free hit counter